Multiple Translations of TREE (2) Quiz Stats

 Plays Quiz not verified by Sporcle

Score 0/25 Timer 06:00
0 Plays Today
Translation Language(s) % Correct
arbreCatalan, French, Guernésiais
77.5%
alberoItalian
75%
나무 // namuKorean
70%
drzewoPolish
65%
δέντρο // ðéndroGreek
65%
boomDutch, Afrikaans
60%
coedenWelsh
55%
kumulāʻauHawaiian
55%
ծառ // çaṙArmenian
55%
drevoSlovene, Slovak, Kajkavian
52.5%
درخت// deraxtPersian
52.5%
puuEstonian, Finnish, Karelian
50%
stromCzech
50%
Translation Language(s) % Correct
arboreRomanian, Interlingua
45%
punoTagalog
37.5%
rākauMaori
37.5%
жыгач // cığaçKyrgyz
37.5%
craobhScottish Gaelic
35%
tsin ííʼáiiNavajo
35%
мод // modMongolian
32.5%
చెట్టు // ceṭṭuTelugu
30%
diwaiTok Pisin
20%
yvyraGuaraní
20%
pyebwaHaitian Creole
17.5%
geedSomali
15%

You're not logged in!

Compare scores with friends on all Sporcle quizzes.
OR
Log In

You Might Also Like...

Show Comments

Extras

Top Quizzes Today


Score Distribution

Your Account Isn't Verified!

In order to create a playlist on Sporcle, you need to verify the email address you used during registration. Go to your Sporcle Settings to finish the process.

Report this User

Report this user for behavior that violates our Community Guidelines.

Details: